LIBRARY & INFORMATION CENTRE, KCAET, TAVANUR

ONLINE PUBLIC ACCESS CATALOGUE (OPAC)

Fiber-optic communication systems / (Record no. 13958)

MARC details
000 -LEADER
fixed length control field 01244cam a22002054a 4500
003 - CONTROL NUMBER IDENTIFIER
control field OSt
008 - FIXED-LENGTH DATA ELEMENTS--GENERAL INFORMATION
fixed length control field 250108b |||||||| |||| 00| 0 eng d
020 ## - INTERNATIONAL STANDARD BOOK NUMBER
ISBN 9780470505113 (hardback)
082 00 - DEWEY DECIMAL CLASSIFICATION NUMBER
Classification number 621.38275
Item number AGR/FI
100 1# - MAIN ENTRY--AUTHOR NAME
Personal name Agrawal, G. P.
245 10 - TITLE STATEMENT
Title Fiber-optic communication systems /
250 ## - EDITION STATEMENT
Edition statement 3rd ed.
260 ## - PUBLICATION, DISTRIBUTION, ETC. (IMPRINT)
Place of publication New Delhi :
Name of publisher Wiley India
Year of publication 2010.
300 ## - PHYSICAL DESCRIPTION
Number of Pages xvii, 603 p. :
Other physical details ill. ;
Accompanying material 1 CD-ROM (4 3/4 in.)
490 0# - SERIES STATEMENT
Series statement Wiley series in microwave and optical engineering ;
520 ## - SUMMARY, ETC.
Summary, etc "This book provides a comprehensive account of fiber-optic communication systems. The 3rd edition of this book is used worldwide as a textbook in many universities. This 4th edition incorporates recent advances that have occurred, in particular two new chapters. One deals with the advanced modulation formats (such as DPSK, QPSK, and QAM) that are increasingly being used for improving spectral efficiency of WDM lightwave systems. The second chapter focuses on new techniques such as all-optical regeneration that are under development and likely to be used in future communication systems. All other chapters are updated, as well."--
650 #0 - SUBJECT ADDED ENTRY--TOPICAL TERM
Topical Term Optical communications.
650 #0 - SUBJECT ADDED ENTRY--TOPICAL TERM
Topical Term Fiber optics.
942 ## - ADDED ENTRY ELEMENTS (KOHA)
Koha item type Books
Holdings
Withdrawn status Lost status Damaged status Collection code Home library Current library Shelving location Date acquired Source of acquisition Full call number Accession Number Koha item type
      Non-fiction KAUAET KAUAET General Stacks 30/03/2013 Calicut Book Distributors 621.38275 AGR/FI 23749 Books
free website counter